Music Quiz

Random Music or Bands Quiz

4 Decades of Music Hits Quiz Stats

 Plays Quiz Updated Oct 30, 2018

Score 0/24 Timer 04:00
13 Plays Today
Question Answer Wrong Answers
Billie Jean
- Michael Jackson -
1980s
87.2%
1960s
0.4%
1970s
5.1%
1990s
3.6%
Stayin' Alive
- Bee Gees -
1970s
85.7%
1960s
5.1%
1980s
5.1%
1990s
0.4%
What a Wonderful World
- Louis Armstrong -
1960s
85.6%
1970s
7.3%
1980s
2.4%
1990s
0.8%
Wonderwall
- Oasis -
1990s
85.1%
1960s
0.8%
1970s
2.4%
1980s
7.9%
Dancing Queen
- ABBA -
1970s
82.9%
1960s
2.6%
1980s
10%
1990s
0.9%
Livin' On A Prayer
- Bon Jovi -
1980s
82.6%
1960s
0.4%
1970s
3.2%
1990s
10.1%
Good Vibrations
- Beach Boys -
1960s
80.8%
1970s
11.2%
1980s
2.9%
1990s
1.3%
Macarena
- Los Del Rio -
1990s
80%
1960s
2.1%
1970s
3.2%
1980s
11%
Hotel California
- Eagles -
1970s
79.7%
1960s
5.9%
1980s
9.4%
1990s
1.2%
Africa
- Toto -
1980s
78.9%
1960s
1%
1970s
12.6%
1990s
3.7%
I'm a Believer
- The Monkees -
1960s
77.2%
1970s
13.9%
1980s
2.9%
1990s
2.2%
Hey Jude
- The Beatles -
1960s
76.6%
1970s
18.6%
1980s
0.9%
1990s
0.2%
Jump Around
- House Of Pain -
1990s
75.2%
1960s
1.7%
1970s
3.9%
1980s
15.2%
I Will Survive
- Gloria Gaynor -
1970s
73.9%
1960s
6.1%
1980s
14.6%
1990s
1.8%
Ring Of Fire
- Johnny Cash -
1960s
72.6%
1970s
20.2%
1980s
2.7%
1990s
0.8%
Summer Of 69
- Bryan Adams -
1980s
71.4%
1960s
3%
1970s
11.4%
1990s
10.4%
With or Without You
- U2 -
1980s
67.2%
1960s
0.3%
1970s
1.8%
1990s
27%
I Love Rock 'N Roll
- Joan Jett & Blackhearts -
1980s
66.9%
1960s
3.9%
1970s
23%
1990s
2.3%
I Don't Want To Miss A Thing
- Aerosmith -
1990s
65.2%
1960s
0.6%
1970s
7.5%
1980s
23%
(I Can't Get No) Satisfaction
- Rolling Stones -
1960s
63.3%
1970s
27.9%
1980s
4.6%
1990s
0.5%
Piano Man
- Billy Joel -
1970s
60.7%
1960s
2.7%
1980s
31.4%
1990s
1.5%
Sabotage
- Beastie Boys -
1990s
59.1%
1960s
2.8%
1970s
4%
1980s
30.1%
I Will Always Love You
- Whitney Houston -
1990s
54.2%
1960s
0.5%
1970s
2.5%
1980s
39.3%
Riders On The Storm
- The Doors -
1970s
41.6%
1960s
49.4%
1980s
4%
1990s
1.3%

You're not logged in!

Compare scores with friends on all Sporcle quizzes.
OR
Log In

Sporcle TV

Today on Sporcle TV


Watch our educational content, quiz creation guides, and fun videos on Sporcle TV.

Show Comments

Extras

Top Quizzes Today


Score Distribution

Your Account Isn't Verified!

In order to create a playlist on Sporcle, you need to verify the email address you used during registration. Go to your Sporcle Settings to finish the process.

Report this User

Report this user for behavior that violates our Community Guidelines.

Details: